Entre el dolor y la ira. La venganza de Antonio Ramón Ramón. Chile, 1914

Saved in:
Bibliografiske detaljer
Hovedforfatter: Goicovic Donoso, Igor (autora)
Corporate Authors: PEDCH (Author), Programa de Estudios y Documentación en Ciencias Humanas (Author)
Format: Bog
Sprog:spansk
Udgivet: Osorno, Chile Universidad de Los Lagos 2005
Serier:Colección Monográficos
Fag:
Tags: Tilføj Tag
Ingen Tags, Vær først til at tagge denne postø!

MARC

LEADER 00000nam a2200000 a 4500
001 UCK6499
003 CL-VaPUC
005 20241218153633.0
008 050930e20050000CL |||||||||||||||||spa|d
999 |c 314781  |d 314779 
020 |a 9567533784 
040 |c Pontificia Universidad Católica de Valparaíso 
082 0 4 |a 983.063 GOI 2005  |2 21 
100 |a Goicovic Donoso, Igor  |e autora  |9 814253 
110 2 |a PEDCH  |e author  |9 495829 
245 1 0 |a Entre el dolor y la ira. La venganza de Antonio Ramón Ramón. Chile, 1914 
260 |a Osorno, Chile  |b Universidad de Los Lagos  |c 2005 
300 |a 188 páginas 
490 0 |a Colección Monográficos 
583 |a last modification  |c 20160912 05:25:01  |k Rodrigo Vera 
600 0 7 |a RAMON RAMON, ANTONIO  |2 CL-VaPUC  |9 495831 
650 0 |a Historia de Chile siglo 20  |y SIGLO 20  |9 268145 
650 0 |a Historia social  |z CHILE  |9 313638 
650 0 |a Conflictos sociales   |z CHILE  |9 372024 
710 2 |a Programa de Estudios y Documentación en Ciencias Humanas  |e author  |9 495830 
852 |a BIBCUR 
942 |c BK  |2 ddc 
945 |d 20050930 00:00:00  |a jcarroza 
952 |0 0  |1 0  |2 ddc  |4 0  |6 983_063000000000000_GOI_2005  |7 0  |8 A  |9 387514  |a BIBHIS  |b BIBHIS  |d 2019-11-22  |i 417075K  |l 1  |o 983.063 GOI 2005  |p 417075K  |r 2025-01-20  |s 2022-10-12  |t 1  |w 2019-11-22  |y BK  |k HIS 
952 |0 0  |1 0  |2 ddc  |4 0  |6 983_063000000000000_GOI_2005  |7 0  |8 A  |9 387515  |a BIBHIS  |b BIBHIS  |d 2019-11-22  |i 4173953  |o 983.063 GOI 2005  |p 4173953  |r 2025-01-20  |t 2  |w 2019-11-22  |y BK  |k HIS